[Event "DEM U12 2020"]
[Site "Willingen GER"]
[Date "2020.10.28"]
[Round "2"]
[White "Korek, Jakob Alexander"]
[Black "von Mettenheim, Johannes"]
[Result "0-1"]
[Termination "normal"]
[Board "1"]
[WhiteElo "1592"]
[BlackElo "1995"]
[WhiteClock "00:10:25"]
[BlackClock "00:31:51"]
[PlyCount "54"]
[WhiteFideId "16240022"]
[BlackFideId "16244818"]
[EventCountry "GER"]
[EventRounds "7"]
[EventType "swiss"]
[EventDate "2020.10.26"]

1. d4 {[%clk 1:30:56]} Nf6 {[%clk 1:30:51]} 2. c4 {[%clk 1:31:02]} e6 {[%clk
1:31:12]} 3. g3 {[%clk 1:31:00]} d5 {[%clk 1:31:24]} 4. Nf3 {[%clk 1:30:51]}
Be7 {[%clk 1:31:42]} 5. Bg2 {[%clk 1:31:03]} O-O {[%clk 1:32:05]} 6. O-O {[%clk
1:31:25]} dxc4 {[%clk 1:32:22]} 7. Qc2 {[%clk 1:31:33]} a6 {[%clk 1:32:42]} 8.
a4 {[%clk 1:31:19]} Bd7 {[%clk 1:32:33]} 9. Bg5 {[%clk 1:30:42]} Bc6 {[%clk
1:29:05]} 10. e3 {[%clk 1:30:41]} b5 {[%clk 1:26:57]} 11. Nbd2 {[%clk 1:10:10]}
Nd5 {[%clk 1:13:58]} 12. Bxe7 {[%clk 1:09:00]} Qxe7 {[%clk 1:05:53]} 13. Ne5
{[%clk 1:06:11]} Bb7 {[%clk 1:04:56]} 14. b3 {[%clk 0:55:26]} f6 {[%clk
0:56:13]} 15. Nef3 {[%clk 0:52:16]} c3 {[%clk 0:52:40]} 16. e4 {[%clk 0:49:53]}
cxd2 {[%clk 0:51:07]} 17. exd5 {[%clk 0:50:08]} Bxd5 {[%clk 0:50:12]} 18. Nxd2
{[%clk 0:37:04]} Rd8 {[%clk 0:37:37]} 19. Nf3 {[%clk 0:30:40]} Nc6 {[%clk
0:36:39]} 20. Rfd1 {[%clk 0:28:52]} Rab8 {[%clk 0:34:21]} 21. Qc3 {[%clk
0:15:32]} bxa4 {[%clk 0:31:18]} 22. bxa4 {[%clk 0:13:54]} Rb3 {[%clk 0:31:29]}
23. Qc2 {[%clk 0:13:46]} Rxf3 {[%clk 0:31:46]} 24. Bxf3 {[%clk 0:13:35]} Bxf3
{[%clk 0:32:06]} 25. Rd2 {[%clk 0:11:45]} Nxd4 {[%clk 0:31:35]} 26. Qc4 {[%clk
0:10:53]} c5 {[%clk 0:31:29]} 27. Rc1 {[%clk 0:10:25]} Bd5 {[%clk 0:31:51]} 0-1

[Event "DEM U12 2020"]
[Site "Willingen GER"]
[Date "2020.10.28"]
[Round "2"]
[White "Haubold, Christian Lucas"]
[Black "Kempe, Caius Emilian"]
[Result "0-1"]
[Termination "normal"]
[Board "2"]
[WhiteElo "1615"]
[BlackElo "1840"]
[WhiteClock "00:04:15"]
[BlackClock "00:41:04"]
[PlyCount "72"]
[WhiteFideId "16259629"]
[BlackFideId "16246861"]
[EventCountry "GER"]
[EventRounds "7"]
[EventType "swiss"]
[EventDate "2020.10.26"]

1. e4 {[%clk 1:30:57]} c5 {[%clk 1:30:53]} 2. Nf3 {[%clk 1:31:22]} a6 {[%clk
1:31:15]} 3. d4 {[%clk 1:29:22]} cxd4 {[%clk 1:31:40]} 4. Nxd4 {[%clk 1:29:41]}
e5 {[%clk 1:31:42]} 5. Nb3 {[%clk 1:03:29]} Nf6 {[%clk 1:31:34]} 6. Bd3 {[%clk
0:58:52]} d5 {[%clk 1:28:11]} 7. Bg5 {[%clk 0:51:47]} d4 {[%clk 1:17:09]} 8.
Qf3 {[%clk 0:46:43]} Be7 {[%clk 1:17:02]} 9. h3 {[%clk 0:40:02]} O-O {[%clk
1:15:24]} 10. N1d2 {[%clk 0:38:32]} Nc6 {[%clk 1:14:55]} 11. O-O-O {[%clk
0:32:28]} Be6 {[%clk 1:11:31]} 12. Kb1 {[%clk 0:29:07]} Rc8 {[%clk 1:09:58]}
13. Nf1 {[%clk 0:23:38]} a5 {[%clk 1:05:00]} 14. Ng3 {[%clk 0:17:55]} a4 {[%clk
1:04:35]} 15. Nc1 {[%clk 0:17:17]} Qb6 {[%clk 1:00:04]} 16. Bxf6 {[%clk
0:15:06]} Bxf6 {[%clk 0:59:44]} 17. Nf5 {[%clk 0:14:32]} a3 {[%clk 0:54:25]}
18. b3 {[%clk 0:13:33]} Nb4 {[%clk 0:54:41]} 19. Qe2 {[%clk 0:10:18]} Qc5
{[%clk 0:53:55]} 20. c4 {[%clk 0:08:18]} dxc3 {[%clk 0:53:39]} 21. Bc2 {[%clk
0:08:33]} Bxf5 {[%clk 0:52:08]} 22. exf5 {[%clk 0:08:54]} e4 {[%clk 0:52:04]}
23. Qxe4 {[%clk 0:08:13]} Rfe8 {[%clk 0:51:58]} 24. Qf3 {[%clk 0:08:12]} Nxc2
{[%clk 0:50:05]} 25. Kxc2 {[%clk 0:08:27]} Bg5 {[%clk 0:48:27]} 26. Nd3 {[%clk
0:08:04]} Qb5 {[%clk 0:47:39]} 27. h4 {[%clk 0:07:43]} Bd2 {[%clk 0:47:47]} 28.
Rh3 {[%clk 0:07:46]} f6 {[%clk 0:44:32]} 29. h5 {[%clk 0:07:22]} h6 {[%clk
0:44:26]} 30. Rg3 {[%clk 0:07:30]} Qd7 {[%clk 0:44:24]} 31. Qg4 {[%clk
0:07:30]} Qe7 {[%clk 0:43:34]} 32. f4 {[%clk 0:07:13]} Rc7 {[%clk 0:43:37]} 33.
Rf1 {[%clk 0:06:59]} b5 {[%clk 0:42:10]} 34. Rd1 {[%clk 0:06:13]} Qe2 {[%clk
0:40:53]} 35. Qxe2 {[%clk 0:05:08]} Rxe2 {[%clk 0:41:22]} 36. Rf1 {[%clk
0:04:15]} Bxf4+ {[%clk 0:41:04]} 0-1

[Event "DEM U12 2020"]
[Site "Willingen GER"]
[Date "2020.10.28"]
[Round "2"]
[White "Müller, Maximilian"]
[Black "Navarro Jahnke, Leo"]
[Result "0-1"]
[Termination "normal"]
[Board "3"]
[WhiteElo "1691"]
[BlackElo "1686"]
[WhiteClock "00:08:19"]
[BlackClock "00:35:44"]
[PlyCount "112"]
[WhiteFideId "16243552"]
[BlackFideId "16234146"]
[EventCountry "GER"]
[EventRounds "7"]
[EventType "swiss"]
[EventDate "2020.10.26"]

1. e4 c5 2. Nf3 Nf6 3. e5 Nd5 4. Nc3 Nxc3 5. dxc3 {[%clk 1:30:30]} e6 {[%clk
1:28:15]} 6. Bf4 {[%clk 1:21:38]} b6 {[%clk 1:24:15]} 7. Be2 {[%clk 1:06:16]}
Bb7 {[%clk 1:23:00]} 8. Qd2 {[%clk 1:02:24]} Nc6 {[%clk 1:19:44]} 9. O-O-O
{[%clk 0:54:34]} Qc7 {[%clk 1:14:27]} 10. Ng5 {[%clk 0:44:46]} Ne7 {[%clk
1:06:20]} 11. Bb5 {[%clk 0:40:05]} Rd8 {[%clk 1:04:26]} 12. f3 {[%clk 0:30:16]}
a6 {[%clk 1:04:00]} 13. Bd3 {[%clk 0:27:35]} Nd5 {[%clk 0:53:42]} 14. Bg3
{[%clk 0:27:35]} c4 {[%clk 0:44:37]} 15. Be4 {[%clk 0:25:11]} Be7 {[%clk
0:36:39]} 16. Nh3 {[%clk 0:20:36]} b5 {[%clk 0:35:16]} 17. Bxd5 {[%clk
0:19:30]} Bxd5 {[%clk 0:34:51]} 18. Kb1 {[%clk 0:16:15]} Rb8 {[%clk 0:33:34]}
19. Nf4 {[%clk 0:13:09]} Bc6 {[%clk 0:32:16]} 20. b3 {[%clk 0:10:21]} b4 {[%clk
0:31:22]} 21. cxb4 {[%clk 0:10:37]} Bxb4 {[%clk 0:31:30]} 22. c3 {[%clk
0:10:46]} Ba3 {[%clk 0:31:38]} 23. b4 {[%clk 0:10:17]} a5 {[%clk 0:31:43]} 24.
Nh5 {[%clk 0:07:50]} Rg8 {[%clk 0:30:53]} 25. Qg5 {[%clk 0:07:36]} axb4 {[%clk
0:30:16]} 26. Nf6+ {[%clk 0:07:50]} Kd8 {[%clk 0:29:32]} 27. Nd5+ {[%clk
0:02:19]} f6 {[%clk 0:29:47]} 28. exf6 {[%clk 0:01:58]} bxc3+ {[%clk 0:30:10]}
29. Ka1 {[%clk 0:01:19]} Bb2+ {[%clk 0:30:34]} 30. Kb1 {[%clk 0:01:47]} c2+
{[%clk 0:30:57]} 31. Kxc2 {[%clk 0:02:04]} Ba4+ {[%clk 0:30:42]} 32. Kd2 {[%clk
0:02:09]} Qa5+ {[%clk 0:30:42]} 33. Ke2 {[%clk 0:02:17]} Bxf6 {[%clk 0:30:00]}
34. Bxb8 {[%clk 0:00:37]} Bxd1+ {[%clk 0:29:57]} 35. Rxd1 {[%clk 0:01:05]} Bxg5
{[%clk 0:30:12]} 36. Bc7+ {[%clk 0:01:00]} Qxc7 {[%clk 0:30:40]} 37. Nxc7
{[%clk 0:01:28]} Kxc7 {[%clk 0:30:58]} 38. a4 {[%clk 0:01:49]} Ra8 {[%clk
0:31:12]} 39. Ra1 {[%clk 0:02:12]} Bf6 {[%clk 0:31:24]} 40. Ra2 {[%clk
0:02:38]} d5 {[%clk 0:31:43]} 41. g4 {[%clk 0:02:46]} Rb8 {[%clk 0:31:57]} 42.
Ke3 {[%clk 0:03:00]} g5 {[%clk 0:31:56]} 43. a5 {[%clk 0:03:22]} Rb3+ {[%clk
0:32:20]} 44. Ke2 {[%clk 0:03:45]} Rb2+ {[%clk 0:32:39]} 45. Rxb2 {[%clk
0:04:09]} Bxb2 {[%clk 0:33:05]} 46. Ke3 {[%clk 0:04:20]} e5 {[%clk 0:33:19]}
47. Kd2 {[%clk 0:04:45]} d4 {[%clk 0:33:28]} 48. Kc2 {[%clk 0:05:05]} Bc3
{[%clk 0:33:43]} 49. a6 {[%clk 0:05:25]} Kb6 {[%clk 0:34:08]} 50. h3 {[%clk
0:05:48]} Kxa6 {[%clk 0:34:29]} 51. Kd1 {[%clk 0:06:13]} d3 {[%clk 0:34:33]}
52. Kc1 {[%clk 0:06:40]} Kb5 {[%clk 0:34:38]} 53. Kd1 {[%clk 0:07:03]} Kc5
{[%clk 0:34:55]} 54. Kc1 {[%clk 0:07:30]} Kd4 {[%clk 0:35:02]} 55. Kd1 {[%clk
0:07:54]} Ke3 {[%clk 0:35:26]} 56. Kc1 {[%clk 0:08:19]} Ke2 {[%clk 0:35:44]}
0-1

[Event "DEM U12 2020"]
[Site "Willingen GER"]
[Date "2020.10.28"]
[Round "2"]
[White "Fruth, David"]
[Black "Sommer, Justus"]
[Result "1/2-1/2"]
[Termination "normal"]
[Board "7"]
[WhiteElo "1665"]
[BlackElo "1845"]
[WhiteClock "00:52:07"]
[BlackClock "00:27:36"]
[PlyCount "45"]
[WhiteFideId "16257596"]
[BlackFideId "16245008"]
[EventCountry "GER"]
[EventRounds "7"]
[EventType "swiss"]
[EventDate "2020.10.26"]

1. e4 {[%clk 1:30:59]} e5 {[%clk 1:30:23]} 2. Nf3 {[%clk 1:31:27]} Nc6 {[%clk
1:30:43]} 3. Bb5 {[%clk 1:31:48]} a6 {[%clk 1:31:00]} 4. Bxc6 {[%clk 1:32:13]}
dxc6 {[%clk 1:31:21]} 5. O-O {[%clk 1:32:35]} Qf6 {[%clk 1:31:31]} 6. d4 {[%clk
1:32:53]} exd4 {[%clk 1:31:12]} 7. Bg5 {[%clk 1:33:21]} Qd6 {[%clk 1:31:13]} 8.
Nxd4 {[%clk 1:33:49]} Be7 {[%clk 1:30:32]} 9. Bxe7 {[%clk 1:22:15]} Nxe7 {[%clk
1:29:56]} 10. Nc3 {[%clk 1:19:45]} O-O {[%clk 1:28:37]} 11. Re1 {[%clk
1:15:05]} Rd8 {[%clk 1:25:14]} 12. Re3 {[%clk 1:11:59]} Ng6 {[%clk 1:12:41]}
13. Rd3 {[%clk 1:10:51]} Qf6 {[%clk 1:05:42]} 14. e5 {[%clk 1:07:58]} Nxe5
{[%clk 1:02:48]} 15. Ne4 {[%clk 1:07:23]} Qh4 {[%clk 0:51:19]} 16. Re3 {[%clk
1:04:57]} Nc4 {[%clk 0:47:10]} 17. Re2 {[%clk 1:04:03]} Be6 {[%clk 0:41:27]}
18. c3 {[%clk 0:58:09]} Qe7 {[%clk 0:31:45]} 19. Qc2 {[%clk 0:58:06]} h6 {[%clk
0:30:45]} 20. Ng3 {[%clk 0:56:29]} Qf6 {[%clk 0:29:05]} 21. Rae1 {[%clk
0:54:27]} Re8 {[%clk 0:27:36]} 22. Nh5 {[%clk 0:52:07]} Qg5 23. Ng3 1/2-1/2

[Event "DEM U12 2020"]
[Site "Willingen GER"]
[Date "2020.10.28"]
[Round "2"]
[White "Hoppstädter, Daniel"]
[Black "Grabs, Peter"]
[Result "1-0"]
[Termination "normal"]
[Board "8"]
[WhiteElo "1712"]
[BlackElo "1674"]
[WhiteClock "00:56:41"]
[BlackClock "00:28:00"]
[PlyCount "57"]
[WhiteFideId "16243625"]
[BlackFideId "16203887"]
[EventCountry "GER"]
[EventRounds "7"]
[EventType "swiss"]
[EventDate "2020.10.26"]

1. d4 {[%clk 1:30:58]} d5 {[%clk 1:30:51]} 2. c4 {[%clk 1:31:21]} e6 {[%clk
1:31:13]} 3. Nc3 {[%clk 1:31:34]} Nf6 {[%clk 1:31:39]} 4. cxd5 {[%clk 1:31:53]}
exd5 {[%clk 1:32:00]} 5. Bg5 {[%clk 1:32:13]} Nbd7 {[%clk 1:32:21]} 6. e3
{[%clk 1:32:23]} c6 {[%clk 1:32:45]} 7. Bd3 {[%clk 1:32:35]} Be7 {[%clk
1:32:51]} 8. Nge2 {[%clk 1:32:50]} O-O {[%clk 1:33:07]} 9. O-O {[%clk 1:33:03]}
Re8 {[%clk 1:33:18]} 10. f3 {[%clk 1:32:35]} Nf8 {[%clk 1:28:51]} 11. Qc2
{[%clk 1:30:43]} Nh5 {[%clk 1:23:27]} 12. Bxe7 {[%clk 1:29:51]} Rxe7 {[%clk
1:23:12]} 13. e4 {[%clk 1:28:11]} dxe4 {[%clk 1:22:06]} 14. fxe4 {[%clk
1:27:13]} Nf6 {[%clk 1:18:54]} 15. Rad1 {[%clk 1:20:45]} Bg4 {[%clk 1:16:56]}
16. Bc4 {[%clk 1:06:08]} b5 {[%clk 1:14:20]} 17. e5 {[%clk 1:03:40]} N6d7
{[%clk 1:09:06]} 18. Bb3 {[%clk 1:02:48]} Qb6 {[%clk 1:06:48]} 19. Kh1 {[%clk
1:02:03]} a5 {[%clk 1:04:02]} 20. a3 {[%clk 1:00:45]} Rc8 {[%clk 0:53:42]} 21.
Qe4 {[%clk 0:59:43]} Bxe2 {[%clk 0:51:50]} 22. Qxe2 {[%clk 0:59:01]} Ne6 {[%clk
0:47:32]} 23. Qg4 {[%clk 0:58:56]} Qa7 {[%clk 0:41:57]} 24. Ne4 {[%clk
0:57:49]} Kh8 {[%clk 0:34:13]} 25. Nd6 {[%clk 0:57:28]} Rf8 {[%clk 0:32:07]}
26. Nf5 {[%clk 0:55:56]} Nxe5 {[%clk 0:30:41]} 27. dxe5 {[%clk 0:56:09]} Ree8
{[%clk 0:30:24]} 28. Nd6 {[%clk 0:56:25]} Re7 {[%clk 0:28:00]} 29. Bxe6 {[%clk
0:56:41]} 1-0

[Event "DEM U12 2020"]
[Site "Willingen GER"]
[Date "2020.10.28"]
[Round "2"]
[White "Zobel, Christian"]
[Black "Eichhorn, Valentin"]
[Result "1/2-1/2"]
[Termination "normal"]
[Board "10"]
[WhiteElo "1521"]
[BlackElo "1545"]
[WhiteClock "00:23:15"]
[BlackClock "00:40:01"]
[PlyCount "47"]
[WhiteFideId "16259068"]
[BlackFideId "16239032"]
[EventCountry "GER"]
[EventRounds "7"]
[EventType "swiss"]
[EventDate "2020.10.26"]

1. e4 {[%clk 1:30:55]} c5 {[%clk 1:30:47]} 2. Nf3 {[%clk 1:31:19]} e6 {[%clk
1:31:04]} 3. c3 {[%clk 1:31:33]} d5 {[%clk 1:31:15]} 4. Bd3 {[%clk 1:31:50]}
Nc6 {[%clk 1:31:06]} 5. O-O {[%clk 1:30:59]} Nf6 {[%clk 1:27:19]} 6. exd5
{[%clk 1:28:20]} Qxd5 {[%clk 1:26:28]} 7. Bc2 {[%clk 1:27:35]} Be7 {[%clk
1:25:43]} 8. d3 {[%clk 1:17:37]} O-O {[%clk 1:23:55]} 9. Bg5 {[%clk 1:11:22]}
b6 {[%clk 1:21:31]} 10. Nbd2 {[%clk 1:09:48]} Bb7 {[%clk 1:21:04]} 11. Bxf6
{[%clk 1:06:16]} Bxf6 {[%clk 1:20:33]} 12. Ne4 {[%clk 1:06:37]} Be7 {[%clk
1:15:59]} 13. Qe2 {[%clk 0:59:34]} Qd8 {[%clk 1:02:24]} 14. Rad1 {[%clk
0:56:10]} Ba6 {[%clk 0:59:00]} 15. Qe3 {[%clk 0:46:01]} h6 {[%clk 0:57:40]} 16.
Rfe1 {[%clk 0:45:24]} Rc8 {[%clk 0:50:39]} 17. d4 {[%clk 0:37:35]} cxd4 {[%clk
0:49:40]} 18. Nxd4 {[%clk 0:37:14]} Nxd4 {[%clk 0:48:55]} 19. Rxd4 {[%clk
0:35:47]} Qc7 {[%clk 0:48:00]} 20. Red1 {[%clk 0:28:06]} Rfd8 {[%clk 0:46:15]}
21. Bb3 {[%clk 0:25:47]} Rxd4 {[%clk 0:42:52]} 22. Rxd4 {[%clk 0:23:55]} Rd8
{[%clk 0:41:50]} 23. Qd2 {[%clk 0:23:15]} Rxd4 {[%clk 0:40:01]} 24. Qxd4
1/2-1/2

[Event "DEM U12 2020"]
[Site "Willingen GER"]
[Date "2020.10.28"]
[Round "2"]
[White "Payyappat, Sreyas"]
[Black "Gärtner, Alessandro"]
[Result "1-0"]
[Termination "normal"]
[Board "12"]
[WhiteElo "2144"]
[BlackElo "1251"]
[WhiteClock "01:06:04"]
[BlackClock "00:43:37"]
[PlyCount "107"]
[WhiteFideId "46674969"]
[BlackFideId "16268024"]
[EventCountry "GER"]
[EventRounds "7"]
[EventType "swiss"]
[EventDate "2020.10.26"]

1. e4 {[%clk 1:30:57]} c6 {[%clk 1:30:54]} 2. Nc3 {[%clk 1:31:13]} d5 {[%clk
1:30:56]} 3. Nf3 {[%clk 1:31:18]} dxe4 {[%clk 1:31:04]} 4. Nxe4 {[%clk
1:31:35]} Nf6 {[%clk 1:31:23]} 5. Ng3 {[%clk 1:29:28]} e6 {[%clk 1:29:54]} 6.
d4 {[%clk 1:29:19]} Bd6 {[%clk 1:29:55]} 7. Bd3 {[%clk 1:28:50]} Nbd7 {[%clk
1:29:34]} 8. Bg5 {[%clk 1:26:59]} h6 {[%clk 1:29:06]} 9. Ne4 {[%clk 1:26:35]}
Bb8 {[%clk 1:26:56]} 10. Bh4 {[%clk 1:25:48]} g5 {[%clk 1:25:13]} 11. Bg3
{[%clk 1:25:18]} Nxe4 {[%clk 1:25:08]} 12. Bxe4 {[%clk 1:20:16]} f5 {[%clk
1:24:37]} 13. Bxb8 {[%clk 1:20:29]} fxe4 {[%clk 1:17:59]} 14. Be5 {[%clk
1:20:16]} Rf8 {[%clk 1:15:04]} 15. Nd2 {[%clk 1:19:48]} Nxe5 {[%clk 1:14:35]}
16. dxe5 {[%clk 1:19:46]} Qd4 {[%clk 1:11:58]} 17. O-O {[%clk 1:15:54]} Qxe5
{[%clk 1:03:32]} 18. Re1 {[%clk 1:15:17]} Ke7 {[%clk 0:59:20]} 19. Nxe4 {[%clk
1:12:13]} b6 {[%clk 0:56:03]} 20. Qd3 {[%clk 1:11:29]} Bb7 {[%clk 0:54:27]} 21.
Rad1 {[%clk 1:11:24]} Rad8 {[%clk 0:53:17]} 22. Nd6 {[%clk 1:06:45]} Rxd6
{[%clk 0:49:27]} 23. Rxe5 {[%clk 1:06:17]} Rxd3 {[%clk 0:49:34]} 24. Rxd3
{[%clk 1:06:30]} c5 {[%clk 0:48:28]} 25. f3 {[%clk 1:03:20]} Bc6 {[%clk
0:47:58]} 26. c4 {[%clk 0:59:58]} Rf5 {[%clk 0:46:51]} 27. Rxf5 {[%clk
1:00:05]} exf5 {[%clk 0:46:18]} 28. Ra3 {[%clk 1:00:23]} Kd6 {[%clk 0:43:21]}
29. Rxa7 {[%clk 1:00:09]} Bd7 {[%clk 0:43:35]} 30. Kf2 {[%clk 0:59:40]} f4
{[%clk 0:43:40]} 31. Rb7 {[%clk 0:59:12]} Kc6 {[%clk 0:43:49]} 32. Rb8 {[%clk
0:59:25]} Bf5 {[%clk 0:44:05]} 33. Rh8 {[%clk 0:59:36]} Bd3 {[%clk 0:43:50]}
34. Rxh6+ {[%clk 1:00:00]} Kb7 {[%clk 0:44:04]} 35. b3 {[%clk 1:00:00]} Bb1
{[%clk 0:43:51]} 36. a3 {[%clk 1:00:21]} Ba2 {[%clk 0:43:46]} 37. b4 {[%clk
1:00:42]} cxb4 {[%clk 0:43:50]} 38. axb4 {[%clk 1:01:07]} Bxc4 {[%clk 0:44:11]}
39. Rg6 {[%clk 1:01:22]} Ka6 {[%clk 0:44:29]} 40. Rxg5 {[%clk 1:01:45]} Bd3
{[%clk 0:44:39]} 41. h4 {[%clk 1:02:04]} Kb7 {[%clk 0:45:07]} 42. h5 {[%clk
1:02:12]} Kc6 {[%clk 0:45:22]} 43. h6 {[%clk 1:02:15]} Kd6 {[%clk 0:45:20]} 44.
Rb5 {[%clk 1:02:35]} Kc6 {[%clk 0:45:33]} 45. Re5 {[%clk 1:03:00]} Kd6 {[%clk
0:45:46]} 46. Re4 {[%clk 1:03:24]} Kd5 {[%clk 0:42:45]} 47. h7 {[%clk 1:03:36]}
Bxe4 {[%clk 0:42:58]} 48. fxe4+ {[%clk 1:04:01]} Kc4 {[%clk 0:43:22]} 49. h8=Q
{[%clk 1:04:22]} Kxb4 {[%clk 0:43:42]} 50. Qb2+ {[%clk 1:04:41]} Kc5 {[%clk
0:42:43]} 51. Qe5+ {[%clk 1:04:49]} Kc4 {[%clk 0:42:56]} 52. Ke2 {[%clk
1:05:13]} b5 {[%clk 0:43:17]} 53. Kd2 {[%clk 1:05:38]} b4 {[%clk 0:43:37]} 54.
Qd5# {[%clk 1:06:04]} 1-0

[Event "DEM U12 2020"]
[Site "Willingen GER"]
[Date "2020.10.28"]
[Round "2"]
[White "Huber, Benedikt"]
[Black "Mader, Fabian"]
[Result "0-1"]
[Termination "normal"]
[Board "19"]
[WhiteElo "1725"]
[BlackElo "1588"]
[WhiteClock "00:20:27"]
[BlackClock "00:25:50"]
[PlyCount "56"]
[WhiteFideId "16281225"]
[BlackFideId "16265866"]
[EventCountry "GER"]
[EventRounds "7"]
[EventType "swiss"]
[EventDate "2020.10.26"]

1. e4 {[%clk 1:30:54]} e6 {[%clk 1:30:53]} 2. d4 {[%clk 1:30:52]} d5 {[%clk
1:31:16]} 3. Nd2 {[%clk 1:31:09]} dxe4 {[%clk 1:31:34]} 4. Nxe4 {[%clk
1:30:27]} Nd7 {[%clk 1:31:39]} 5. Nf3 {[%clk 1:26:47]} Ngf6 {[%clk 1:31:40]} 6.
Bd3 {[%clk 1:26:31]} b6 {[%clk 1:28:46]} 7. O-O {[%clk 1:22:09]} Bb7 {[%clk
1:28:23]} 8. Qe2 {[%clk 1:22:33]} Be7 {[%clk 1:23:10]} 9. b3 {[%clk 1:16:19]}
O-O {[%clk 1:20:16]} 10. Bb2 {[%clk 1:16:18]} c5 {[%clk 1:18:35]} 11. Rfd1
{[%clk 1:12:39]} Qc7 {[%clk 1:16:09]} 12. c4 {[%clk 1:04:38]} Rfd8 {[%clk
1:08:32]} 13. dxc5 {[%clk 0:52:47]} Bxe4 {[%clk 0:59:01]} 14. Bxe4 {[%clk
0:50:56]} Nxe4 {[%clk 0:59:09]} 15. cxb6 {[%clk 0:50:37]} Qb7 {[%clk 0:58:27]}
16. bxa7 {[%clk 0:49:56]} Rxa7 {[%clk 0:54:26]} 17. Nd4 {[%clk 0:44:48]} Ndf6
{[%clk 0:45:08]} 18. f3 {[%clk 0:38:44]} Nc5 {[%clk 0:41:16]} 19. b4 {[%clk
0:35:30]} Na4 {[%clk 0:34:32]} 20. a3 {[%clk 0:35:39]} Nxb2 {[%clk 0:30:54]}
21. Qxb2 {[%clk 0:36:04]} Qb6 {[%clk 0:29:39]} 22. Kh1 {[%clk 0:31:28]} Rad7
{[%clk 0:29:24]} 23. Rdc1 {[%clk 0:24:36]} Rxd4 {[%clk 0:28:47]} 24. Qc2 {[%clk
0:22:15]} Rd2 {[%clk 0:27:19]} 25. Qa4 {[%clk 0:21:35]} Qf2 {[%clk 0:26:23]}
26. Rg1 {[%clk 0:21:57]} Bd6 {[%clk 0:25:33]} 27. c5 {[%clk 0:20:09]} Bxh2
{[%clk 0:25:28]} 28. Kxh2 {[%clk 0:20:27]} Qh4# {[%clk 0:25:50]} 0-1

[Event "DEM U12 2020"]
[Site "Willingen GER"]
[Date "2020.10.28"]
[Round "2"]
[White "Ivanov, Alexander"]
[Black "Vecera, Fabio"]
[Result "0-1"]
[Termination "normal"]
[Board "26"]
[WhiteElo "1261"]
[BlackElo "1534"]
[WhiteClock "00:54:14"]
[BlackClock "00:42:00"]
[PlyCount "94"]
[WhiteFideId "34604472"]
[BlackFideId "16281705"]
[EventCountry "GER"]
[EventRounds "7"]
[EventType "swiss"]
[EventDate "2020.10.26"]

1. d4 {[%clk 1:30:58]} d5 {[%clk 1:30:52]} 2. c4 {[%clk 1:31:23]} e6 {[%clk
1:31:12]} 3. Nc3 {[%clk 1:31:42]} f5 {[%clk 1:31:33]} 4. Nf3 {[%clk 1:31:44]}
Nf6 {[%clk 1:31:51]} 5. Bf4 {[%clk 1:31:27]} c6 {[%clk 1:32:05]} 6. Ne5 {[%clk
1:31:26]} Ne4 {[%clk 1:31:49]} 7. e3 {[%clk 1:31:07]} g6 {[%clk 1:30:03]} 8.
Be2 {[%clk 1:30:40]} Bg7 {[%clk 1:30:08]} 9. O-O {[%clk 1:30:04]} O-O {[%clk
1:30:32]} 10. f3 {[%clk 1:28:40]} Nxc3 {[%clk 1:30:47]} 11. bxc3 {[%clk
1:28:59]} Nd7 {[%clk 1:30:13]} 12. Nd3 {[%clk 1:27:36]} dxc4 {[%clk 1:23:42]}
13. Nf2 {[%clk 1:27:10]} e5 {[%clk 1:22:51]} 14. Bxc4+ {[%clk 1:26:42]} Kh8
{[%clk 1:23:03]} 15. dxe5 {[%clk 1:25:56]} Nxe5 {[%clk 1:23:21]} 16. Qxd8
{[%clk 1:25:32]} Rxd8 {[%clk 1:23:40]} 17. Bb3 {[%clk 1:24:41]} Re8 {[%clk
1:23:04]} 18. Rad1 {[%clk 1:23:34]} Be6 {[%clk 1:22:16]} 19. Bxe5 {[%clk
1:22:23]} Bxe5 {[%clk 1:22:31]} 20. Rd3 {[%clk 1:20:58]} Bg8 {[%clk 1:10:03]}
21. Rfd1 {[%clk 1:17:59]} Bf6 {[%clk 1:07:11]} 22. e4 {[%clk 1:16:10]} Rad8
{[%clk 1:04:22]} 23. Nh3 {[%clk 1:09:16]} c5 {[%clk 0:49:47]} 24. Rxd8 {[%clk
1:03:24]} Rxd8 {[%clk 0:50:14]} 25. Rxd8 {[%clk 1:03:35]} Bxd8 {[%clk 0:50:37]}
26. Bxg8 {[%clk 1:03:48]} Kxg8 {[%clk 0:50:59]} 27. e5 {[%clk 1:03:43]} c4
{[%clk 0:51:12]} 28. Nf4 {[%clk 1:03:35]} Bc7 {[%clk 0:49:55]} 29. Nd5 {[%clk
1:02:32]} Bxe5 {[%clk 0:49:49]} 30. g3 {[%clk 1:02:27]} Kf7 {[%clk 0:49:35]}
31. f4 {[%clk 1:02:24]} Bg7 {[%clk 0:49:28]} 32. Kf2 {[%clk 1:02:35]} a6 {[%clk
0:49:20]} 33. Ke2 {[%clk 1:02:07]} Ke6 {[%clk 0:49:15]} 34. Nc7+ {[%clk
1:00:56]} Kd7 {[%clk 0:49:33]} 35. Nd5 {[%clk 1:01:15]} Kc6 {[%clk 0:48:25]}
36. Nb4+ {[%clk 1:00:27]} Kc5 {[%clk 0:47:49]} 37. Kd2 {[%clk 1:00:17]} a5
{[%clk 0:47:18]} 38. Nc2 {[%clk 1:00:27]} b5 {[%clk 0:46:57]} 39. a3 {[%clk
1:00:03]} Kd5 {[%clk 0:45:15]} 40. Ne1 {[%clk 0:58:53]} a4 {[%clk 0:44:54]} 41.
Nc2 {[%clk 0:58:31]} Ke4 {[%clk 0:43:30]} 42. h3 {[%clk 0:53:50]} Kf3 {[%clk
0:43:26]} 43. Nd4+ {[%clk 0:53:52]} Bxd4 {[%clk 0:40:28]} 44. cxd4 {[%clk
0:54:11]} Ke4 {[%clk 0:40:53]} 45. Kc3 {[%clk 0:54:34]} h5 {[%clk 0:41:19]} 46.
h4 {[%clk 0:54:44]} Kd5 {[%clk 0:41:44]} 47. Kb4 {[%clk 0:54:14]} Kxd4 {[%clk
0:42:00]} 0-1